Central Library OPAC University of Rajshahi

ছন্দের বারান্দা / (Record no. 44759)

MARC details
000 -LEADER
fixed length control field 00756nam a2200229 a 4500
001 - CONTROL NUMBER
control field 44759
003 - CONTROL NUMBER IDENTIFIER
rucl marc code BD-RjUL
005 - DATE AND TIME OF LATEST TRANSACTION
control field 20211209053919.0
008 - FIXED-LENGTH DATA ELEMENTS--GENERAL INFORMATION
fixed length control field 160720s1994 ii ||||| |||| 00| 0 ben d
020 ## - INTERNATIONAL STANDARD BOOK NUMBER
Terms of availability : Tk. 30.00
035 ## - SYSTEM CONTROL NUMBER
System control number (BD-RjUL) 44877
040 ## - CATALOGING SOURCE
Original cataloging agency BD-RjUL
Language of cataloging ben
Transcribing agency BD-RjUL
041 ## - LANGUAGE CODE
Language code of text/sound track or separate title ben
082 ## - DEWEY DECIMAL CLASSIFICATION NUMBER
Edition number 23
Classification number 808.1
Author mark and year GHC 1994
100 1# - MAIN ENTRY--PERSONAL NAME
Personal name ঘোষ, শঙ্খ
9 (RLIN) 126014
245 10 - TITLE STATEMENT
Title ছন্দের বারান্দা /
Statement of responsibility, etc. শঙ্খ ঘোষ
260 ## - PUBLICATION, DISTRIBUTION, ETC. (IMPRINT)
Place of publication, distribution, etc. কলকাতা :
Name of publisher, distributor, etc. অরুণা প্রকাশনী,
Date of publication, distribution, etc. ১৯৯৪ (১৪০১)
300 ## - PHYSICAL DESCRIPTION
Pagination ১৫৯ পৃ. ;
Size ২১ সেমি.
650 ## - SUBJECT ADDED ENTRY--TOPICAL TERM
Topical term or geographic name as entry element কবিতার ছন্দ
9 (RLIN) 137222
Topical term or geographic name as entry element Rhetoric of poetry
9 (RLIN) 127830
942 ## - ADDED ENTRY ELEMENTS (KOHA)
Source of classification or shelving scheme Dewey Decimal Classification
Koha item type Books
Holdings
Lost status Source of classification or shelving scheme Damaged status Not for loan Collection code Permanent Location Current Location Shelving location Date acquired Source of acquisition Cost, normal purchase price Total Checkouts Full call number Date last seen Date checked out Copy number Koha item type
  Dewey Decimal Classification     Non-fiction Central Library, University of Rajshahi Central Library, University of Rajshahi   29/12/1996 Ankur Prokasoni, Dhaka 30.00 7 B 808.1 GHC 1994 26/11/2025 25/11/2025 C-2 Books
  Dewey Decimal Classification   Not For Loan Non-fiction Central Library, University of Rajshahi Central Library, University of Rajshahi Reading Room 29/12/1996 Ankur Prokasoni, Dhaka 30.00   B 808.1 GHC 1994 21/01/2017   C-1 Books